000 00651nam a22002297a 4500
003 UA-OsUOA
001 41244
007 ta
008 20060919b un ||||| |||| 00| 0 ukr d
100 _aНекрасов Н. А.
090 _a82-1.161.1
_bН48
942 _cBK
040 _aUA-OsUOA
_bukr
_cUA-OsUOA
_dUA-OsUOA
245 _aИзбранные произведения
_bПоэмы
300 _a582 с.
955 _a3
041 _aukr
080 _a82-1.161.1
260 _aМ.
_bХудожественная литература
_c1966
650 7 _a82 Література. Літературознавство
_2UDC
999 _c327383
_d327383